<?xml version="1.0" encoding="UTF-8"?>
<record
    xmlns:xsi="http://www.w3.org/2001/XMLSchema-instance"
    xsi:schemaLocation="http://www.loc.gov/MARC21/slim http://www.loc.gov/standards/marcxml/schema/MARC21slim.xsd"
    xmlns="http://www.loc.gov/MARC21/slim">

  <leader>00448nam a22001577a 4500</leader>
  <datafield tag="020" ind1=" " ind2=" ">
    <subfield code="a">9971514230</subfield>
  </datafield>
  <datafield tag="040" ind1=" " ind2=" ">
    <subfield code="c">NUST</subfield>
  </datafield>
  <datafield tag="082" ind1=" " ind2=" ">
    <subfield code="a">620.1</subfield>
    <subfield code="b">MER</subfield>
  </datafield>
  <datafield tag="100" ind1=" " ind2=" ">
    <subfield code="a">Meriam , J.L</subfield>
    <subfield code="9">13089</subfield>
  </datafield>
  <datafield tag="110" ind1=" " ind2=" ">
    <subfield code="a">Kraige , L.G ,  Palm , William .J</subfield>
    <subfield code="9">123619</subfield>
  </datafield>
  <datafield tag="245" ind1=" " ind2=" ">
    <subfield code="a">Engineering Mechanice Volume 1 Statics</subfield>
  </datafield>
  <datafield tag="250" ind1=" " ind2=" ">
    <subfield code="a">Fifth Edition</subfield>
  </datafield>
  <datafield tag="260" ind1=" " ind2=" ">
    <subfield code="a">India:</subfield>
    <subfield code="b">John Wiley &amp; Sons,</subfield>
    <subfield code="c">2002.</subfield>
  </datafield>
  <datafield tag="650" ind1=" " ind2=" ">
    <subfield code="a">Engineering Mechanice Volume 1 Statics</subfield>
    <subfield code="9">123620</subfield>
  </datafield>
  <datafield tag="942" ind1=" " ind2=" ">
    <subfield code="2">ddc</subfield>
    <subfield code="c">BK</subfield>
  </datafield>
  <datafield tag="999" ind1=" " ind2=" ">
    <subfield code="c">609748</subfield>
    <subfield code="d">609748</subfield>
  </datafield>
  <datafield tag="952" ind1=" " ind2=" ">
    <subfield code="0">0</subfield>
    <subfield code="1">0</subfield>
    <subfield code="2">ddc</subfield>
    <subfield code="4">0</subfield>
    <subfield code="7">0</subfield>
    <subfield code="a">CEME</subfield>
    <subfield code="b">CEME</subfield>
    <subfield code="c">GEN</subfield>
    <subfield code="d">2024-06-13</subfield>
    <subfield code="l">0</subfield>
    <subfield code="o">620.1 MER</subfield>
    <subfield code="p">CEME- 43566</subfield>
    <subfield code="r">2024-06-13</subfield>
    <subfield code="w">2024-06-13</subfield>
    <subfield code="y">BK</subfield>
  </datafield>
  <datafield tag="952" ind1=" " ind2=" ">
    <subfield code="0">0</subfield>
    <subfield code="1">0</subfield>
    <subfield code="2">ddc</subfield>
    <subfield code="4">0</subfield>
    <subfield code="7">0</subfield>
    <subfield code="a">CEME</subfield>
    <subfield code="b">CEME</subfield>
    <subfield code="c">GEN</subfield>
    <subfield code="d">2024-06-13</subfield>
    <subfield code="l">0</subfield>
    <subfield code="o">620.1 MER</subfield>
    <subfield code="p">CEME- 43567</subfield>
    <subfield code="r">2024-06-13</subfield>
    <subfield code="w">2024-06-13</subfield>
    <subfield code="y">BK</subfield>
  </datafield>
  <datafield tag="952" ind1=" " ind2=" ">
    <subfield code="0">0</subfield>
    <subfield code="1">0</subfield>
    <subfield code="2">ddc</subfield>
    <subfield code="4">0</subfield>
    <subfield code="7">0</subfield>
    <subfield code="a">CEME</subfield>
    <subfield code="b">CEME</subfield>
    <subfield code="c">GEN</subfield>
    <subfield code="d">2024-06-13</subfield>
    <subfield code="l">0</subfield>
    <subfield code="o">620.1 MER</subfield>
    <subfield code="p">CEME- 43568</subfield>
    <subfield code="r">2024-06-13</subfield>
    <subfield code="w">2024-06-13</subfield>
    <subfield code="y">BK</subfield>
  </datafield>
  <datafield tag="952" ind1=" " ind2=" ">
    <subfield code="0">0</subfield>
    <subfield code="1">0</subfield>
    <subfield code="2">ddc</subfield>
    <subfield code="4">0</subfield>
    <subfield code="7">0</subfield>
    <subfield code="a">CEME</subfield>
    <subfield code="b">CEME</subfield>
    <subfield code="c">GEN</subfield>
    <subfield code="d">2024-06-13</subfield>
    <subfield code="l">0</subfield>
    <subfield code="o">620.1 MER</subfield>
    <subfield code="p">CEME- 43569</subfield>
    <subfield code="r">2024-06-13</subfield>
    <subfield code="w">2024-06-13</subfield>
    <subfield code="y">BK</subfield>
  </datafield>
  <datafield tag="952" ind1=" " ind2=" ">
    <subfield code="0">0</subfield>
    <subfield code="1">0</subfield>
    <subfield code="2">ddc</subfield>
    <subfield code="4">0</subfield>
    <subfield code="7">0</subfield>
    <subfield code="a">CEME</subfield>
    <subfield code="b">CEME</subfield>
    <subfield code="c">GEN</subfield>
    <subfield code="d">2024-06-13</subfield>
    <subfield code="l">0</subfield>
    <subfield code="o">620.1 MER</subfield>
    <subfield code="p">CEME- 43570</subfield>
    <subfield code="r">2024-06-13</subfield>
    <subfield code="w">2024-06-13</subfield>
    <subfield code="y">BK</subfield>
  </datafield>
</record>
